000 01495nam a2200457 i 4500
001 36673
003 KOSZ 005
005 20200527120757.0
008 991110s1999 pl a f f |000 0 pol
015 _aPB 1999/18207
020 _a8301129875
040 _aWA N
_cWA N
_dKOSZ 005/HR
041 0 _apol
046 _k1999
080 _a624.014
080 _a519.2
080 _a(075.8)
100 1 _aBiegus, Antoni
_eAutor
245 1 0 _aProbabilistyczna analiza konstrukcji stalowych /
_cAntoni Biegus.
260 _aWarszawa ;
_aWrocław :
_bWydawnictwo Naukowe PWN,
_c1999.
300 _a197, [3] s. :
_brys., wykr. ;
_c24 cm.
336 _2rdacontent
_aTekst
_btxt
337 _2rdamdia
_aBez urządzenia pośredniczącego
_bn
338 _2rdacarrier
_aWolumin
_bnc
380 _aKsiążki
380 _aPublikacje dydaktyczne
385 _mPoziom nauczania
_aSzoły wyższe
388 _a1901-2000
388 _a1989-2000
504 _aBibliogr. s. 193-196, normy s. 196-197.
650 4 _aKonstrukcje stalowe
650 4 _aBezpieczeństwo
650 4 _aMechanika budowli
650 4 _aRachunek prawdopodobieństwa
650 4 _aStatystyka matematyczna
655 4 _aPodręczniki akademickie
658 _aArchitektura i budownictwo
710 2 _aWydawnictwo Naukowe PWN
_4pbl.
856 4 1 _uhttp://koha.tu.koszalin.pl/cgi-bin/koha/opac-detail.pl?biblionumber=36673
_zKatalog online BPK
942 _2UKD
_cKS
999 _c36673
_d36673